000 00696cam a22002177a 4500
020 _a0071410082
040 _cUKM
082 0 0 _a635 MCG 2004 A039 Or.
100 1 _aJohns, Rodney.
245 1 0 _aTurfgrass installation :
_bmanagement and maintenance /
260 _aNew York :
_bMcGraw-Hill,
_cc2004.
300 _axvi, 583 p. :
_bill., map ;
_c23 cm.
500 _aIncludes index.
650 0 _aTurf management.
650 0 _aTurfgrasses.
650 0 _aTurfgrasses
856 4 2 _uhttp://www.loc.gov/catdir/description/mh051/2004295273.html
856 4 2 _uhttp://www.loc.gov/catdir/bios/mh051/2004295273.html
856 4 1 _uhttp://www.loc.gov/catdir/toc/mh051/2004295273.html
942 _cEK
999 _c12000
_d12000